|
|
|
|
| LEADER |
00000cam a22000004a 4500 |
| 001 |
musev2_65585 |
| 003 |
MdBmJHUP |
| 005 |
20230905050742.0 |
| 006 |
m o d |
| 007 |
cr||||||||nn|n |
| 008 |
100809s1987 onc o 00 0 eng d |
| 020 |
|
|
|a 9781772822755
|
| 020 |
|
|
|z 1772822752
|
| 035 |
|
|
|a (OCoLC)654470434
|
| 040 |
|
|
|a MdBmJHUP
|c MdBmJHUP
|
| 245 |
0 |
4 |
|a Interior Salish tribes of British Columbia :
|b A photographic collection /
|c edited by Leslie H. Tepper.
|
| 264 |
|
1 |
|a Ottawa, Canada :
|b National Museums of Canada,
|c 1987.
|
| 264 |
|
3 |
|a Baltimore, Md. :
|b Project MUSE,
|c 2020
|
| 264 |
|
4 |
|c ©1987.
|
| 300 |
|
|
|a 1 online resource (277 pages):
|b illustrations.
|
| 336 |
|
|
|a text
|b txt
|2 rdacontent
|
| 337 |
|
|
|a computer
|b c
|2 rdamedia
|
| 338 |
|
|
|a online resource
|b cr
|2 rdacarrier
|
| 490 |
0 |
|
|a Paper / Canadian Ethnology Service,
|x 0316-1862 ;
|v no. 111
|
| 490 |
0 |
|
|a Mercury series / Canadian Museum of Civilization,
|x 0316-1854
|
| 588 |
|
|
|a Description based on print version record.
|
| 610 |
2 |
7 |
|a National Museums of Canada.
|2 fast
|0 (OCoLC)fst00531859
|
| 610 |
2 |
6 |
|a Musee canadien des civilisations.
|
| 610 |
2 |
0 |
|a National Museums of Canada
|v Catalogs.
|
| 600 |
1 |
7 |
|a Teit, James Alexander,
|d (1864-1922)
|x Collections de photographies.
|2 ram
|
| 600 |
1 |
7 |
|a Teit, James Alexander,
|d 1864-1922.
|2 fast
|0 (OCoLC)fst01432776
|
| 600 |
1 |
0 |
|a Teit, James Alexander,
|d 1864-1922.
|
| 650 |
|
7 |
|a Bildband
|2 gnd
|
| 650 |
|
7 |
|a Salish (Indiens)
|x Ouvrages illustres.
|2 ram
|
| 650 |
|
7 |
|a Salishan Indians.
|2 fast
|0 (OCoLC)fst01104042
|
| 650 |
|
7 |
|a Indians of North America.
|2 fast
|0 (OCoLC)fst00969633
|
| 650 |
|
6 |
|a Indiens d'Amerique
|z Colombie-Britannique
|v Ouvrages illustres.
|
| 650 |
|
6 |
|a Flathead (Indiens)
|v Ouvrages illustres.
|
| 650 |
|
0 |
|a Indians of North America
|z British Columbia
|v Pictorial works
|v Catalogs.
|
| 650 |
|
0 |
|a Salishan Indians
|x Pictorial works
|v Catalogs.
|
| 651 |
|
7 |
|a Salish.
|2 swd
|
| 651 |
|
7 |
|a British Columbia
|2 gnd
|
| 651 |
|
7 |
|a British Columbia.
|2 fast
|0 (OCoLC)fst01205265
|
| 655 |
|
7 |
|a Pictorial works.
|2 fast
|0 (OCoLC)fst01423874
|
| 655 |
|
7 |
|a Catalogs.
|2 fast
|0 (OCoLC)fst01423692
|
| 655 |
|
7 |
|a Electronic books.
|2 local
|
| 700 |
1 |
|
|a Tepper, Leslie Heyman,
|d 1947-
|
| 710 |
2 |
|
|a Project Muse.
|e distributor
|
| 830 |
|
0 |
|a Book collections on Project MUSE.
|
| 856 |
4 |
0 |
|z Texto completo
|u https://projectmuse.uam.elogim.com/book/65585/
|
| 945 |
|
|
|a Project MUSE - Custom Collection
|
| 945 |
|
|
|a Project MUSE - Archive Complete Supplement VIII
|
| 945 |
|
|
|a Project MUSE - Archive History Supplement VIII
|
| 945 |
|
|
|a Project MUSE - Archive Native American and Indigenous Studies Supplement VII
|